Hidden Word Ladder Quiz Stats

Quiz Updated Dec 23, 2016

Challenge
Share
Tweet
Embed
Score 0/20 Timer 02:00
0 Plays Today
Clue Answer % Correct
????
100%
????
98%
????
96.3%
????
95.4%
????
92.7%
????
90.5%
????
80.2%
????
80.1%
????
79.7%
????
79.4%
Clue Answer % Correct
????
72.9%
????
71.9%
????
69.7%
????
69.3%
????
62.9%
????
62.5%
????
61.9%
????
61.7%
????
60.1%
????
58.8%

You're not logged in!

Compare scores with friends on all Sporcle quizzes.
Join for Free
OR
Log In

You Might Also Like...

Show Comments

Extras

Top Quizzes Today


Score Distribution

Your Account Isn't Verified!

In order to create a playlist on Sporcle, you need to verify the email address you used during registration. Go to your Sporcle Settings to finish the process.

Report this User

Report this user for behavior that violates our Community Guidelines.

Details: